01281naa a2200181 i 45000010005000000030009000050050017000140080039000310400036000700800015001061000153001212450162002745000021004365200436004576500014008936500013009077730179009204623KOSZ 00520191005105830.0151214s2009 pl | f |000 ||pol cKOSZ 005aKOSZ 005dKOSZ 005/HR a004.92/.941 aJakóbczak, DariuszeAutord1998 - .bPolitechnika Koszalińska - Wydział Elektroniki i Informatyki,cKatedra Podstaw Informatyki i Zarządzania aZastosowanie dyskretnego, ortogonalnego operatora Hurwitza-Radona w kompresji i rekonstrukcji konturów obrazów monochromatycznych /cDariusz Jakóbczak. aDane z autopsji. aPraca jest efektem badań autora związanych z rozprawą doktorską. Omawiana metoda jest oparta na rodzinie macierzy Hurwitza-Radona (HR). Macierze HR są skośno-symetryczne i składają się z kolumn tworzących ortogonalne wektory. W pracy opisano operator Hurwitza-Radona (OHR) zbudowany z macierzy HR. Pokazano, jak konstruować ortogonalny i dyskretny OHR oraz jak wykorzystać go w procesie interpolacji krzywej. 0aMacierze. aWektory.0 iW :tZeszyty Naukowe Wydziału Elektroniki i Informatyki Politechniki Koszalińskiej. -dKoszalin : Wydaw. Uczelniane Politechniki Koszalińskiej. -g2009, nr 1, s. 95-111